000 00333nam a2200133Ia 4500
008 221030s9999 xx 000 0 und d
041 _aEnglish
082 _a105.23
100 _aP. S. Dhogal
245 0 _aBasic Electrical Engineering With Numerical Problems Vol. II
_cby P. S. Dhogal
260 _c0
650 _aB
942 _cBK
999 _c12041
_d12041